00337nam a2200109Ia 4500008004100000082001800041245002200059300000800081942001200089999001900101952010700120210430s9999 xx 000 0 und d a646.35 B8861B aBrunei Darussalam a168 cBK2ddc c565185d565185 001040708NFICaSCMEbSCMEcGENd0004-07-15l0o646.35 B8861BpSCME-4474r2021-04-30w2021-04-30yBK